000 00633nam a2200229Ia 4500
003 OSt
005 20220928102947.0
006 a|||||r|||| 00| 0
007 ta
008 220927b |||||||| |||| 00| 0 eng d
024 _a97825
037 _cTextual
040 _aSDCL
_cSDCL
_beng
041 _2eng
_aeng
082 _aW643, K4
100 _aWeber Eugen
_9401447
245 0 _aVarieties of fascism
_b Doctrines of revolution in the twentieth century
260 _aNew York
_b D.van nostrand company
_c1964
300 _a191p
_ccm.
942 _hW643, K4
_cTEXL
_2CC
999 _c717322
_d717322